| 000 | 00482nam a2200181Ia 4500 | ||
|---|---|---|---|
| 008 | 240729s9999 xx 000 0 und d | ||
| 022 | _a1872-7492 | ||
| 245 | 0 | _aVirus Research | |
| 260 | _aNetherlands | ||
| 260 | _bElsevier | ||
| 650 | _a Infectious and parasitic diseases | ||
| 650 | _a Internal medicine | ||
| 650 | _a Microbiology | Medicine | ||
| 650 | _aScience | ||
| 856 | _uhttps://doaj.org/toc/f75f6ffa52ba497e948eaf80969ba6f3 | ||
| 942 | _2ddc | ||
| 942 | _cDOAJEJ | ||
| 999 |
_c72420 _d72420 |
||
| 945 |
_a1 _bMadushi Gamage _c1 _dMadushi Gamage |
||